header

The Irish regiments in the Great War (Record no. 73037)

MARC details
000 -LEADER
fixed length control field 01385nam a2200313Ia 4500
082 04 - DEWEY DECIMAL CLASSIFICATION NUMBER
Classification number 940.4/42/0899162
100 1# - MAIN ENTRY--AUTHOR NAME
Personal name Bowman, Timothy.
245 14 - TITLE STATEMENT
Title The Irish regiments in the Great War
260 ## - PUBLICATION, DISTRIBUTION, ETC. (IMPRINT)
Place of publication Manchester ;
-- New York :
Name of publisher Manchester University Press ;
Place of publication New York, NY, USA :
Name of publisher Distributed exclusively in the USA by Palgrave,
Year of publication 2003.
300 ## - PHYSICAL DESCRIPTION
Number of Pages xiv, 237 p.
650 #0 - SUBJECT ADDED ENTRY--TOPICAL TERM
Topical Term World War, 1914-1918
Topical Term World War, 1914-1918
856 40 - ELECTRONIC LOCATION AND ACCESS
Uniform Resource Identifier http://site.ebrary.com/lib/rucke/Doc?id=10076800

No items available.

© 2026 Rongo University
Contact us: librarian | system librarian | Rongo university